Power Electronics / (Record no. 5729)

MARC details
000 -LEADER
fixed length control field 00417nam a2200145 a 4500
020 ## - INTERNATIONAL STANDARD BOOK NUMBER
ISBN 8131803503 (paperback)
020 ## - INTERNATIONAL STANDARD BOOK NUMBER
ISBN 9788131803509 (paperback)
100 1# - MAIN ENTRY--AUTHOR NAME
Personal name Sharma, Sachin S.
245 10 - TITLE STATEMENT
Title Power Electronics /
260 ## - PUBLICATION, DISTRIBUTION, ETC. (IMPRINT)
Place of publication [S.l.] :
Name of publisher Laxmi Publications,
Year of publication 2008.
300 ## - PHYSICAL DESCRIPTION
Number of Pages 258 p. ;
650 ## - SUBJECT ADDED ENTRY--TOPICAL TERM
Topical Term Power Electronics
856 40 - ELECTRONIC LOCATION AND ACCESS
Uniform Resource Identifier http://www.amazon.com/exec/obidos/ASIN/8131803503/chopaconline-20
942 ## - ADDED ENTRY ELEMENTS (KOHA)
Koha item type Books
Holdings
Withdrawn status Lost status Home library Current library Date acquired Cost, normal purchase price Full call number Accession Number Koha item type
    Central Library, QUEST, Nawabshah Central Library, QUEST, Nawabshah 09/06/2014 403.00 SHA 41046 Books